000 00629nam a2200205Ia 4500
003 GCL
008 140319s9999 xx 000 0 ara d
040 _aGCL /
_cGCL
082 0 4 _a811.009
_bح ح
100 1 _aصلاح عدس
245 1 0 _aالحركة الشعرية فى السعودية حسن عبد الله القرشى حياته وادبه /
_cصلاح عدس
260 _a[S.N] :
_bمكتبة مدبولى ،
_c1991
300 _a143 ص
490 _a
650 0 4 _aالشعر العربى
650 0 4 _aدواوين وقصائد
650 0 4 _aالسعودية
650 0 4 _aالادباء
942 _2ddc
_cBK
999 _c55601
_d55601